Statistics for All Cities in Israel

Click here to take the quiz!

General Stats

  • This quiz has been taken 14 times
  • The average score is 25 of 73

Answer Stats

City% Correct
Eilat
100%
Jerusalem
100%
Tel Aviv
100%
Haifa
91%
Ashkelon
73%
Nazareth
73%
Ashdod
64%
Netanya
64%
Beersheba
55%
Petah Tikva
55%
Ramat Gan
55%
Sderot
55%
Tiberias
55%
Acre
45%
Dimona
45%
Hadera
45%
Holon
45%
Ra'anana
45%
Ramla
45%
Rishon LeZion
45%
Yavne
45%
Afula
36%
Bat Yam
36%
Bnei Brak
36%
Kfar Saba
36%
Kiryat Ata
36%
Kiryat Gat
36%
Kiryat Shmona
36%
Lod
36%
Netivot
36%
Rahat
36%
Rehovot
36%
Safed
36%
Umm al-Fahm
36%
Arad
27%
Beit She'an
27%
Beit Shemesh
27%
Givatayim
27%
Herzliya
27%
Hod HaSharon
27%
Karmiel
27%
Kiryat Malakhi
27%
Kiryat Motzkin
27%
Migdal HaEmek
27%
Nahariya
27%
Ness Ziona
27%
Or Akiva
27%
Or Yehuda
27%
Ramat HaSharon
27%
Tira
27%
Baqa al-Gharbiyye
18%
El'ad
18%
Kafr Qasim
18%
Kfar Yona
18%
Kiryat Bialik
18%
Ma'alot-Tarshiha
18%
Modi'in-Maccabim-Re'ut
18%
Nof HaGalil
18%
Ofakim
18%
Rosh HaAyin
18%
Tayibe
18%
Yehud-Monosson
18%
Arraba
9%
Giv'at Shmue
9%
Kiryat Ono
9%
Kiryat Yam
9%
Nesher
9%
Qalansawe
9%
Sakjnin
9%
Shefa-'Amr
9%
Tamra
9%
Tirat Carmel
9%
Yokneam Illit
9%

Score Distribution

Percentile by Number Answered

Percent of People with Each Score

Your Score History

You have not taken this quiz